00421nam a2200133Ia 45000010005000000080041000050820020000461000102000662450053001682600018002215900007002399010026002469990015002723197241024s9999 xx 000 0 und d aRD/624.07/R426c aRepública Dominicana. Ministerio de Educación, MINERD. Dirección de Edificaciones Escolares 0aCentro Educativo Ureña el Valiente, Boca Chica bSanto Domingo asi a4/9/2013 3:58:02 p.m. c8047d8047